The Highlander's return / Lynsay Sands.
Available copies
- 2 of 2 copies available at LARL/NWRL Consortium.
- 2 of 2 copies available at Lake Agassiz Regional Library. (Show preferred library)
Current holds
0 current holds with 2 total copies.
Show Only Available Copies
| Location | Call Number / Copy Notes | Barcode | Shelving Location | Status | Due Date |
|---|---|---|---|---|---|
| Fertile Public Library | SAN (Text) | 33500014069660 | Main | Available | - |
| McIntosh Public Library | SAN (Text) | 33500014069652 | Main | Available | - |
Record details
- ISBN: 9780063135352
- ISBN: 0063135353
- Physical Description: 343 pages ; 17 cm.
- Edition: First edition.
- Publisher: New York, NY : Avon, an imprint of HarperCollinsPublishers, [2024]
- Copyright: ©2024
Content descriptions
| Summary, etc.: | Graeme Gunn is a warrior through and through. A ... Read More |
Search for related items by subject
| Subject: | Man-woman relationships > Fiction. Grief > Fiction. Widows > Fiction. Brothers > Fiction. Clans > Scotland > Fiction. Scotland > Fiction. |
| Genre: | Historical fiction. Romance fiction. Novels. |
Search for related items by series
| LDR | 02950cam a2200517 i 4500 | ||
|---|---|---|---|
| 001 | 444437 | ||
| 003 | LARL_NWRL_CONSORTIUM | ||
| 005 | 20241004205433.0 | ||
| 008 | 231104t20242024nyu e 000 1 eng d | ||
| 040 | . | ‡aYDX ‡beng ‡cYDX ‡dOCLCO ‡dBDX ‡erda ‡dOI6 ‡dOCLCO ‡dIK2 ‡dOCLCO ‡dGL4 ‡dOCLCO | |
| 020 | . | ‡a9780063135352 ‡q(paperback) | |
| 020 | . | ‡a0063135353 ‡q(paperback) | |
| 035 | . | ‡a(OCoLC)1407213001 | |
| 082 | 0 | 4. | ‡a[Fic] ‡223 |
| 100 | 1 | . | ‡aSands, Lynsay, ‡eauthor. ‡1https://id.oclc.org/worldcat/entity/E39PBJycRXDrD7jkfM6kBwdbBP ‡0(LARL_NWRL_CONSORTIUM)145390 |
| 245 | 1 | 4. | ‡aThe Highlander's return / ‡cLynsay Sands. |
| 250 | . | ‡aFirst edition. | |
| 264 | 1. | ‡aNew York, NY : ‡bAvon, an imprint of HarperCollinsPublishers, ‡c[2024] | |
| 264 | 4. | ‡c©2024 | |
| 300 | . | ‡a343 pages ; ‡c17 cm. | |
| 336 | . | ‡atext ‡btxt ‡2rdacontent | |
| 337 | . | ‡aunmediated ‡bn ‡2rdamedia | |
| 338 | . | ‡avolume ‡bnc ‡2rdacarrier | |
| 490 | 0 | . | ‡aHighland brides ; ‡v12 |
| 520 | . | ‡aGraeme Gunn is a warrior through and through. A second son, he left home years ago to battle his way through Scotland as a mercenary. But with his brother William's death, Graeme is forced to return to his clan--which now includes William's grieving widow, Annella Mackay. And Graeme is stunned to find that the beautiful, determined woman at the keep is nothing like the meek lass he remembers from William's wedding years ago... Annella Mackay once had hopes for a loving marriage, a dream that shattered when her husband abandoned her. Hiding her pain, she embraced the roles of both laird and lady of the Gunn clan with spirit. But with William's death, she finally has a chance at a new dream, and she won't let anything deter her plans. Not even Graeme, no matter how strong her attraction to the strong-willed warrior, or how much she enjoys his kisses... It's an explosion of passion and clash of wills from the start, especially when Graeme decides to stay and claim his title. And when the threat of a hidden enemy rears its head, Graeme and Annella realize that in fighting for their home they might also be fighting for their love. | |
| 650 | 0. | ‡aMan-woman relationships ‡vFiction. ‡0(LARL_NWRL_CONSORTIUM)165985 | |
| 650 | 0. | ‡aGrief ‡vFiction. ‡0(LARL_NWRL_CONSORTIUM)165491 | |
| 650 | 0. | ‡aWidows ‡vFiction. ‡0(LARL_NWRL_CONSORTIUM)167902 | |
| 650 | 0. | ‡aBrothers ‡vFiction. ‡0(LARL_NWRL_CONSORTIUM)163686 | |
| 650 | 0. | ‡aClans ‡zScotland ‡vFiction. | |
| 651 | 0. | ‡aScotland ‡vFiction. ‡0(LARL_NWRL_CONSORTIUM)167208 | |
| 655 | 7. | ‡aHistorical fiction. ‡2lcgft | |
| 655 | 7. | ‡aRomance fiction. ‡2lcgft | |
| 655 | 7. | ‡aNovels. ‡2lcgft | |
| 901 | . | ‡a444437 ‡bOCoLC ‡c444437 ‡tbiblio ‡soclc | |

Add to basket
Permalink
Disable Highlighting